Statistics for Top 100 NHL Forwards of All Time

Click here to take the quiz!

General Stats

  • This quiz has been taken 61 times
    (15 since last reset)
  • The average score is 71 of 100

Answer Stats

#TeamCareerPlayer% Correct
6Capitals2006-PresentAlexander Ovechkin
100%
9Oilers2016-PresentConnor McDavid
100%
13Penguins2007-PresentEvgeni Malkin
100%
5Red Wings1947-1980Gordie Howe
100%
4Penguins1991-2018Jaromír Jágr
100%
2Penguins1985-2006Mario Lemieux
100%
21Blackhawks*2008-PresentPatrick Kane
100%
7Bruins1964-1981Phil Esposito
100%
3Penguins2006-PresentSidney Crosby
100%
1Oilers1979-1999Wayne Gretzky
100%
22Black Hawks1958-1980Bobby Hull
92%
12Blues1987-2006Brett Hull
92%
28Islanders1976-1994Bryan Trottier
92%
18Flyers1993-2007Eric Lindros
92%
14Canadiens1972-1991Guy Lafleur
92%
88Canadiens1956-1975Henri Richard
92%
31Oilers1979-1998Jari Kurri
92%
15Canadiens1951-1971Jean Béliveau
92%
11Avalanche1989-2009Joe Sakic
92%
38Sharks1998-2022Joe Thornton
92%
42Oilers2015-PresentLeon Draisaitl
92%
20Oilers1979-2004Mark Messier
92%
19Canadiens1943-1960Maurice Richard
92%
16Islanders1978-1987Mike Bossy
92%
51Avalanche2014-PresentNathan MacKinnon
92%
25Lightning2009-PresentSteven Stamkos
92%
10Red Wings1984-2006Steve Yzerman
92%
17Ducks1993-2014Teemu Selänne
92%
44Maple Leafs2017-PresentAuston Matthews
85%
64Flyers1970-1984Bobby Clarke
85%
32Bruins2010-PresentBrad Marchand
85%
96Ducks*2006-PresentCorey Perry
85%
74Canucks2001-2018Daniel Sedin
85%
35Flames1997-2017Jarome Iginla
85%
77Islanders*2010-PresentJohn Tavares
85%
62Blackhawks2008-PresentJonathan Toews
85%
27Kings1972-1989Marcel Dionne
85%
76Lightning1999-2015Martin St. Louis
85%
34Stars1990-2011Mike Modano
85%
40Canucks1992-2003Pavel Bure
85%
23Avalanche1995-2011Peter Forsberg
85%
26Red Wings1991-2009Sergei Fedorov
85%
60Senators1996-2014Daniel Alfredsson
77%
50Maple Leafs1957-1978Frank Mahovlich
77%
58Flames1987-2007Joe Nieuwendyk
77%
30Blackhawks1998-2017Marián Hossa
77%
29Lightning2014-PresentNikita Kucherov
77%
46Red Wings2002-2016Pavel Datsyuk
77%
54Whalers1982-2004Ron Francis
77%
39Black Hawks1959-1980Stan Mikita
77%
73Capitals1986-2004Adam Oates
69%
71Kings2007-PresentAnže Kopitar
69%
83Rangers2016-PresentArtemi Panarin
69%
33Red Wings1988-2009Brendan Shanahan
69%
89Jets1982-1997Dale Hawerchuk
69%
53Bruins2015-PresentDavid Pastrňák
69%
84Maple Leafs1984-2003Doug Gilmour
69%
91Sabres1971-1987Gilbert Perreault
69%
82Thrashers2002-2020Ilya Kovalchuk
69%
61Coyotes1992-2010Keith Tkachuk
69%
49Maple Leafs1991-2009Mats Sundin
69%
68Bruins2004-2023Patrice Bergeron
69%
63Devils1996-2016Patrik Eliáš
69%
43Blues1988-2002Pierre Turgeon
69%
75Red Wings1945-1965Ted Lindsay
69%
66Flames1989-2003Theoren Fleury
69%
37Canadiens1951-1968Bernie Geoffrion
62%
80Bruins1984-1996Cam Neely
62%
81Senators2002-2015Dany Heatley
62%
79Red Wings2003-2018Henrik Zetterberg
62%
8Canadiens1924-1937Howie Morenz
62%
86Sharks*2007-PresentJoe Pavelski
62%
57Kings1987-2006Luc Robitaille
62%
48Flyers1989-2011Mark Recchi
62%
99Avalanche2016-PresentMikko Rantanen
62%
67Islanders1984-1998Pat LaFontaine
62%
52Mighty Ducks1995-2010Paul Kariya
62%
98Sabres1983-2006Dave Andreychuk
54%
87Blackhawks1981-1997Denis Savard
54%
93Rangers1961-1981Jean Ratelle
54%
70Blackhawks1989-2009Jeremy Roenick
54%
45Flyers1991-2007John LeClair
54%
94Nordiques1981-1995Peter Šťastný
54%
92Canadiens1973-1985Steve Shutt
54%
78Canadiens1964-1979Yvan Cournoyer
54%
47Sabres1990-2006Alexander Mogilny
46%
85Canadiens1968-1979Jacques Lemaire
46%
69Wild2001-2018Marián Gáborík
38%
72Capitals1991-2007Peter Bondra
38%
59Bruins1928-1947Dit Clapper
31%
100Penguins1982-1997Joe Mullen
31%
95Maple Leafs1937-1948Syl Apps
31%
56Canadiens1923-1938Aurèle Joliat
23%
41Maple Leafs1930-1941Charlie Conacher
23%
97Canadiens1952-1968Dickie Moore
15%
24Maroons1926-1940Nels Stewart
15%
65Islanders1994-2006Ziggy Pálffy
15%
36Rangers1927-1937Bill Cook
8%
55Senators1918-1929Cy Denneny
8%
90Blues1994-2010Pavol Demitra
8%

Score Distribution

Percentile by Number Answered

Percent of People with Each Score

Your Score History

You have not taken this quiz since the last reset